Odvětvové a podnikové řízení

Saved in:
Bibliographic Details
Main Author: Kašpar, Jiří
Corporate Author: Vysoká škola ekonomická v Praze. Obchodní fakulta
Other Authors: Borový, Rudolf
Format: Book
Language:Czech
Published: Praha Státní pedagogické nakladatelství 1984
Edition:2. přeprac. vyd.
Tags: Add Tag
No Tags, Be the first to tag this record!

MARC

LEADER 00000nam a2200000 4500
001 c107035
005 20190425100105.1
041 0 |a cze 
044 |a CZ 
245 1 0 |a Odvětvové a podnikové řízení  |c Jiří Kašpar, Rudolf Borový 
250 |a 2. přeprac. vyd. 
264 1 |a Praha  |b Státní pedagogické nakladatelství  |c 1984 
300 |a 229 s. 
100 1 |a Kašpar, Jiří 
700 1 |a Borový, Rudolf 
710 2 |a Vysoká škola ekonomická v Praze. Obchodní fakulta